000 00671nam a22002177a 4500
005 20150724154516.0
008 140714b xxu||||| |||| 00| 0 Urdu d
010 _aUR-9230
020 q _c175.00
035 _aU-7785
037 _bDBAD/Pub.
040 _aDPL
_bUrdu
082 _a ک
100 _aا نجو د و ا ء جيمنی
245 _aڈ و بتے سو ر ج سے
_cا نجو د و ا ء جيمنی
246 _aKhyalat
_bBy Ghulam Nabi Khyal
260 _aKashmir
_c2009
_bKashmiri Writers Association
270 _a15-Rawal Pora,Housing Colony,
_bSrinagar
_e190005
_k09419005909
300 _a96ص
_c22Cm (Hb)
942 _2ddc
_cUR
_e
_h ک
_mا ن ج
999 _c95213
_d95213